01420 am a2200337 a 450000500170000000800410001702000150005804100080007310000280008124500860010925000110019526000600020630000130026650001880027965300430046765300110051065300110052165300380053265300520057065300760062265300340069865300340073265300590076665300370082565300480086265300350091065300370094565300360098270000300101870000340104820240219122857.0100804s1995||||ag a f |||| 001 0 spa d a9500623102 aspa1 aVidal, Guillermo.eDir. aEnciclopedia Iberoamericana de Psiquiatría. bT.1 Micropedia /cGuillermo Vidal a1a ed. aBuenos Aires: bEditorial Médica Panamericana;c1995. a1-815 p. aVidal, G., Alarcón, R. D. y Lolas Stepke, F. (Dirs.). (1995). Enciclopedia Iberoamericana de Psiquiatría. T.1 Micropedia. (1a ed.). Buenos Aires : Editorial Médica Panamericana. aConceptos y definiciones. Biografías aCIE-10 aDSM-IV aJuramento hipocrático (400 a.C) aDe los indios recientemente descubiertos (1539) aDeclaración de los Derechos Humanos del Hombre y del Ciudadano (1789) aBando del Fraile Aldao (1842) aCódigo de Nürember (1946) aDeclaración Universal de los Derechos Humanos (1948) aDeclaración de Helsinki (1964) aDeclaración de Tokyo - Helsinki II (1975) aDeclaración de Hawaii (1977) aDeclaración de Alma-Ata (1978) aDeclaración de Caracas (1990)1 aAlarcón, Renato D.eDir1 aLolas Stepke, Fernando.eDir.